000 00701nam a2200289Ia 4500
005 20260324120920.0
008 008 260324s9999 xx 000 0 eng d
020 _a9781315794525
037 _aEBOOK
040 _aCRL
040 _beng
040 _cCRL
041 _2eng
041 _aeng
084 _qCRL
100 _aTina Rae; Elizabeth Piggott
_91160466
245 0 _aSupporting the Well Being of Girls
245 3 _bAn evidence-based school programme
260 _bTaylor and Francis
260 _c2014
365 _a
365 _b230
856 _uhttp://www.taylorfrancis.com/books/9781315794525
942 _cEBOOK
999 _c1752254
_d1752254